Archipiélago patagónico: la última frontera
Saved in:
| Main Author: | |
|---|---|
| Format: | Book |
| Language: | Spanish |
| Published: |
Punta Arenas, Chile
Ediciones de la Univesidad de Magallanes
2004
|
| Subjects: | |
| Tags: |
Add Tag
No Tags, Be the first to tag this record!
|
MARC
| LEADER | 00000cam a2200000 a 4500 | ||
|---|---|---|---|
| 001 | UCE0119 | ||
| 003 | CL-VaPUC | ||
| 005 | 20211012170150.0 | ||
| 008 | 140103e20040000cl |||||||||||||||||spa|d | ||
| 999 | |c 354408 |d 354406 | ||
| 020 | |a 9567189196 | ||
| 040 | |c Pontificia Universidad Católica de Valparaíso | ||
| 082 | 0 | 4 | |a 983.64 MAR 2004 |2 21 |
| 100 | |a Martinic Beros, Mateo |e autor |9 315280 | ||
| 245 | 1 | 0 | |a Archipiélago patagónico: |b la última frontera |
| 260 | |a Punta Arenas, Chile |b Ediciones de la Univesidad de Magallanes |c 2004 | ||
| 300 | |a 297 páginas | ||
| 583 | |a last modification |c 20140103 12:15:00 |k Rodrigo Vera | ||
| 650 | 0 | |a Historia de ciudades |z MAGALLANES |9 445863 | |
| 650 | 0 | |a Historia de Chile |z MAGALLANES |9 265473 | |
| 650 | 0 | |a Ciudades y pueblos |z MAGALLANES |z CHILE |9 265139 | |
| 852 | |a BIBCUR | ||
| 942 | |c BK |2 ddc | ||
| 945 | |d 20140103 12:15:00 |a dcastane | ||
| 952 | |0 0 |1 0 |2 ddc |3 erb |4 0 |6 983_640000000000000_MAR_2004 |7 0 |8 A |9 460251 |a BIBHIS |b BIBHIS |i 5041333 |l 1 |o 983.64 MAR 2004 |p 5041333 |r 2025-01-20 |s 2024-11-04 |t 1 |w 2019-11-23 |y BK |z Catalogado en:20140103 |k HIS | ||